000 00534nam a2200193Ia 4500
003 GCL
008 140319s9999 xx 000 0 ara d
040 _aGCL /
_cGCL
082 0 4 _a920.72
_bح ن
100 1 _aحسن محمد جوهر
245 1 0 _aنساء خالدات /
_cحسن محمد جوهر
260 _a[S.N] :
_bلجنة البيان العربى ،
_c1971
300 _a150 ص
490 _a
650 0 4 _aالمرأة
650 0 4 _aالتراجم
650 0 4 _aالمرأة فى التاريخ
942 _2ddc
_cBK
999 _c36139
_d36139